Statistics for Top 10 NBA MVP's 1970's

Click here to take the quiz!

General Stats

  • This quiz has been taken 1,060 times
  • The average score is 22 of 42

Answer Stats

Players% Correct
Kareem Abdul-Jabbar
98%
Bill Walton
91%
Wilt Chamberlain
90%
Jerry West
89%
George Gervin
87%
John Havlicek
85%
Moses Malone
85%
Wes Unseld
85%
Willis Reed
85%
Bob McAdoo
84%
Oscar Robertson
82%
Julius Erving
81%
Elvin Hayes
80%
Rick Barry
79%
Walt Frazier
79%
Dave Cowens
78%
Marques Johnson
73%
Artis Gilmore
63%
Pete Maravich
62%
Bob Lanier
60%
David Thompson
58%
Tiny Archibald
56%
Nate Thurmond
52%
Dave Bing
48%
Billy Cunningham
45%
Jack Sikma
43%
Maurice Lucas
42%
Phil Smith
35%
Walter Davis
34%
Paul Westphal
32%
World B. Free
27%
Spencer Haywood
25%
Bob Dandridge
22%
Truck Robinson
22%
Connie Hawkins
20%
George McGinnis
18%
Norm Van Lier
15%
Phil Chenier
11%
Sam Lacey
8%
Phil Ford
6%
Jim Chones
4%
Marvin Webster
4%

Score Distribution

Percentile by Number Answered

Percent of People with Each Score

Your Score History

You have not taken this quiz